Battle of Hastings - Statistics

General Stats
  • This quiz has been taken 58 times
  • The average score is 9 of 33
Answer Stats
Hint Answer % Correct
^ Leader of the above King Harold II
86%
^ Leader of the above Duke William of Normandy
84%
Invading force Normans
60%
Name of the Battle that happened 19 days earlier involving the defenders Battle of Stamford Bridge
58%
Kings death led to this battle Edward the Confessor
58%
Defending force Anglo-Saxons
44%
Location of the battle Battle, East Sussex
44%
The battle lasted for approximately 9 Hours
40%
70 metre long cloth depicting the events. Bayeux Tapestry
40%
Tactic used by the invaders to break up the defenders Feigned retreat
40%
Tactic used by the defenders to repel the invaders Shield wall
35%
Estimated invaders numbers 5000 - 12000
33%
Date of the Battle 14th October 1066
33%
The king died from what according to interpretations Arrow to the eye
30%
This battle started the Norman Conquest
30%
Built on the battlefield, with the altar on the supposed spot the king died. Battle Abbey
28%
When was the Invading leader crowned King 25th December 1066
26%
Location that the invaders landed in Pevensey, East Sussex
23%
Estimated defenders numbers 7000 - 8000
21%
Name given to conscripted or freemen, making the bulk of the defending army. Fyrd
21%
Elite infantry defending the king Housecarl
21%
Name of the hill the defenders stood atop Senlac Hill
21%
^ Aboves claim to the throne Promised by Edward
16%
Defending Kings wife Edith Swanneck
12%
How did the invading leader want the kings body disposed of Thrown into the sea
12%
The reason the above building was built Atonement
5%
How much did the kings mother offer for his body His weight in gold
5%
What Abbey is supposed to hold the grave of the king Waltham Abbey
5%
Approximate distance travelled in miles from the above to the Battle of Hastings 185 Miles
2%
How many days was the defending king, king for 282 Days
2%
The Anglo-Saxon Chronicles reference the battle as Battle at the hoary apple tree
2%
What did the invading leader see as proof of the wrongful king being on the thrown Halley's Comet
2%
^ Aboves claim to the throne Pointed at by Edward on his deathbed
2%
No matching quizzes found
Score Distribution
Percent of People with Each Score
Percentile by Number Answered
Your Score History
You have not taken this quiz